SEPARATING THE WHEAT FROM CHAFF (Record no. 32029)

MARC details
000 -LEADER
fixed length control field 00302nam a22001337a 4500
003 - CONTROL NUMBER IDENTIFIER
control field SGT
020 ## - INTERNATIONAL STANDARD BOOK NUMBER
International Standard Book Number 9788193555477
082 ## - DEWEY DECIMAL CLASSIFICATION NUMBER
Classification number 920
Item number S19P
100 ## - MAIN ENTRY--PERSONAL NAME
Personal name PURI, HARDEEP
245 ## - TITLE STATEMENT
Title SEPARATING THE WHEAT FROM CHAFF
260 ## - PUBLICATION, DISTRIBUTION, ETC. (IMPRINT)
Name of publisher, distributor, etc KONARK PUBLISHERS PVT. LTD.
Year of Publication 2019
300 ## - PAGE DESCRIPTION
No. of Pages 316
942 ## - ADDED ENTRY ELEMENTS (KOHA)
Source of classification or shelving scheme Dewey Decimal Classification
Koha item type Books
Holdings
Withdrawn status Lost status Source of classification or shelving scheme Damaged status Not for loan Home library Current library Shelving location Date acquired SGTU Total Checkouts Full call number Accession No. (Barcode) Date last seen Bill Date Koha item type
    Dewey Decimal Classification   Not For Loan SGT Chancellor's Library SGT Chancellor's Library Reference Book 05/07/2025 SGTU   920 S19P CH4048 05/07/2025 05/07/2025 Books